000 00412nam a2200157Ia 4500
008 151213s9999 xx 000 0 und d
100 _aKenneth H. Rosen
245 _aDiscrete Mathematics and It's Applications
_cKenneth H. Rosen
250 _a6th
260 _aNew Delhi
_bTata Mc Graw Hill
_c2007
300 _a8581 p.
650 _aE.E.E.
650 _ascience
700 _aKenneth H. Rosen
999 _c4391
_d4391